Foot - Les sélections que l'équipe de France à le plus battu - Statistiques

Statistiques générales
  • Ce quiz a été pris 103 fois
  • Le résultat moyen est 8 sur 10
Statistiques - réponses
Match Victoire Sélection % Correct
36 13 Espagne
97%
28 19 Portugal
93%
39 12 Italie
92%
34 15 Allemagne
90%
76 27 Belgique
90%
39 16 Suisse
88%
31 16 Pays-Bas
86%
26 14 Autriche
67%
23 12 Suède
66%
19 17 Luxembourg
58%
Aucun quiz correspondant
Distribution des résultats
% des personnes avec chaque résultat
Percentile par nombre de réponses
Votre historique - résultats
Vous n’avez pas pris ce quiz